000 00616nam a2200181Ia 4500
003 GCL
008 140319s9999 xx 000 0 ara d
040 _aGCL /
_cGCL
082 0 4 _aق
_b355.0330962
_bم ك
100 1 _aمحمد حيدر
245 1 0 _aالكلية الحربية الملكيةبين محمد على , الفاروق /
_cمحمد حيدر
300 _a334 ص
490 _aالهيئة العامة للاستعلامات
_v0
650 0 4 _aمصر - الكليات العسكرية
650 0 4 _aالكلية الحربية
650 0 4 _aالحياة العسكرية - مصر
942 _2ddc
_cBK
999 _c50563
_d50563